000 00572nam a2200217Ia 4500
003 OSt
005 20230511115645.0
008 210423s2000 xx 000 0 und d
040 _cAL
041 _aeng
082 _a340
_223
_bSHAA
100 _aSHABBIR (Mohammad)
_9102921
245 _aB R Ambedkar study in law and society
260 _aJaipur
_bOxford University Press
_c2000
300 _a8,399
365 _b600
_cINR
650 _aLaw
_9102922
650 _aSocial Sciences
_9102923
906 _aAmbedkar ; B ; law ; R ; society ; study
942 _2ddc
_cBK
999 _c171961
_d171961